000 01012nam a2200301 i 4500
001 bgj
100 1 _aJAMES, Henry
245 1 0 _aLiterary Criticism.
_nVol. 2 /
_cHenry James ; [ed. by] Leon Edel with the assistance of Mark Wilson.
260 _aNew York :
_bLiterary Classics of the United States,
_cc. 1984.
300 _a1408 pp ;
_c21 cm.
490 1 _aThe Library of America ;
_v23
505 _aContents : French writers ; Other European writers ; The prefaces to the New York Edition.
505 _aIncludes index.
650 9 _aLiterature
655 _aAddresses, essays, lectures
700 1 _aEDEL, Leon.
_eed.
700 1 _aWILSON, Mark.
_eed.
740 0 2 _aFrench writers
740 0 2 _aOther European writers
740 0 2 _aThe Prefaces to the New York edition
830 _aThe Library of America ;
020 _a0940450232 (hbk, jacket)
040 _cBPK
041 0 _aeng
920 _a0-940450-23-2 (hbk, jacket)
942 _cKS
008 s uk f |000 0 eng
999 _c47226
_d47226
856 _uhttp://koha.tu.koszalin.pl/cgi-bin/koha/opac-detail.pl?biblionumber=47226
_yKatalog online BPK